| 000 | 00633nam a2200217 a 4500 | ||
|---|---|---|---|
| 001 | 13676 | ||
| 003 | BD-JhCC | ||
| 005 | 20240313202440.0 | ||
| 008 | 240313b 2017uk |||| ||a| 001 0 eng d | ||
| 035 | _a(BD-JhCC)13676 | ||
| 040 |
_aBD-JhCC _dBD-JhCC |
||
| 041 | _aeng | ||
| 082 |
_a577 _bSCO 2017 |
||
| 100 | _a. Scott,James C | ||
| 245 |
_aAgainst the Grain : a Deep History of the Earliest States / _bJames C. Scott |
||
| 260 |
_aLondon: _bYale University Press, _c2017. |
||
| 300 |
_a300 p. : _c22 cm. |
||
| 650 |
_aAgrargesellschaft _vAgriculture and state History _xAgriculture and state |
||
| 942 |
_2ddc _cBK |
||
| 999 |
_c13676 _d13676 |
||